| 000 | 00850nam a2200265Ia 4500 | ||
|---|---|---|---|
| 003 | OSt | ||
| 005 | 20220928124614.0 | ||
| 006 | a|||||r|||| 00| 0 | ||
| 007 | ta | ||
| 008 | 220927b |||||||| |||| 00| 0 eng d | ||
| 020 | _c7813.0469999999996 | ||
| 024 | _a116725 | ||
| 037 |
_b122, 06/09/2012, N.R.Book Distributors _cTextual |
||
| 040 |
_aSDCL _cSDCL _beng |
||
| 041 |
_2eng _aeng |
||
| 082 | _aD6,8(2),9(G), Q2 | ||
| 100 |
_aWan Junbai _9466441 |
||
| 245 | 0 |
_aNext generation microarray bioinformatics _b Methods and protocols. |
|
| 260 |
_aNew York _b Humana Press _c2012 |
||
| 300 |
_axvi,401p _ccm. |
||
| 650 | _aPlant Molecular Biology | ||
| 700 |
_a Tan Aik C Ed. _9466442 |
||
| 942 |
_hD6,8(2),9(G), Q2 _cTEXL _2CC |
||
| 999 |
_c779296 _d779296 |
||